ბათუმის შოთა რუსთაველის სახელმწიფო უნივერსიტეტის ბიბლიოთეკა

ჰუმანიტარულ მეცნიერებათა და სამართლის ფაკულტეტის შრომები : (ბიბ.ჩანაწერი № 50337)

000 -ლიდერი
ფიქსირებული სიგრძის საკონტროლო ველი 01568nam a2200253Ia 4500
001 - საკონტროლო ნომერი
საკონტროლო ველი 17278
003 - საკონტროლო ნომრის იდენტიფიკატორი
საკონტროლო ველი GE_BSU
005 - ბოლო ოპერაციის თარიღი და დრო
საკონტროლო ველი 20200210164346.0
008 - ფიქსირებული სიგრძის მონაცემთა ელემენტები - ზოგადი ინფორმაცია
ფიქსირებული სიგრძის საკონტროლო ველი 181216s2015 xx |||||||||||||| ||geo||
020 ## - წიგნის საერთაშორისო სტანდარტული ნომერი
International Standard Book Number 23467657
040 ## - კატალოგიზაციის წყარო
Transcribing agency GE_BSU
041 ## - ენის კოდი
Language code of text/sound track or separate title geo
080 ## - უნივერსალური ათობითი კლასიფიკაციის ინდექსი
Universal Decimal Classification number 378(063) ჰ-92
245 ## - ცნობა სათაურის შესახებ
Title ჰუმანიტარულ მეცნიერებათა და სამართლის ფაკულტეტის შრომები :
Remainder of title ტ.3 /
Statement of responsibility, etc რედ:სერგო ვარდოსანიძე ; ვახტანგ გურული ; კრებული გამოსაცემად მოამზადა ლევან ჯიქიამ.
264 ## - წარმოების, გამოცემის, დისტრიბუციის და სხვა ცნობები
გამოცემის, წარმოების, დისტრიბუციის... ადგილი თბილისი :
გამოცემის, წარმოების, დისტრიბუციის... სახელწოდება მერიდიანი,
გამოცემის, წარმოების, დისტრიბუციის... თარიღი 2015.
300 ## - ფიზიკური აღწერა
Extent 289 გვ.;
Dimensions 29 სმ.
653 ## - INDEX TERM--UNCONTROLLED
Uncontrolled term ისტორია ფილოლოგია თარგმანმცოდნეობა სამართალი
653 ## - INDEX TERM--UNCONTROLLED
Uncontrolled term შრომები
700 ## - ADDED ENTRY--PERSONAL NAME
Personal name ვარდოსანიძე, სერგო
Relator term რედაქტორი
9 (RLIN) 6953
700 ## - ADDED ENTRY--PERSONAL NAME
Personal name გურული, ვახტანგ
Relator term რედაქტორი
9 (RLIN) 337
700 ## - ADDED ENTRY--PERSONAL NAME
Personal name ჯიქია, ლევან
Relator term კრებული გამოსაცემად მოამზადა
9 (RLIN) 6954
710 ## - ADDED ENTRY--CORPORATE NAME
Relator term საქართველოს საპატრიარქოს წმიდა ანდრია პირველწოდებულის სახ. ქართული უნ-ტი
9 (RLIN) 6960
942 ## - ADDED ENTRY ELEMENTS (KOHA)
Koha item type წიგნი
Source of classification or shelving scheme
ეგზემპლარები
ჩამოწერის სტატუსი დაკარგული ეგზემპლარის სტატუსი კლასიფიკაციის წყარო ან თაროზე გაწყობის სქემა დაზიანების სტატუსი არ გაიცემა მუდმივი მდებარეობა (დაცვის ადგილი) ამჟამინდელი ადგილსამყოფელი თაროზე განთავსების ადგილი შეძენის თარიღი სრული შენახვის შიფრი შტრიხკოდი ბოლო ოპერაციის თარიღი ეგზემპლარის მიმდევრობითი ნომერი (კეტერი?) ფასის ძალაში შესვლის თარიღი ეგზემპლარის სახეობა
          ბათუმის შოთა რუსთაველის სახელმწიფო უნივერსიტეტის მთავარი ბიბლიოთეკა ბათუმის შოთა რუსთაველის სახელმწიფო უნივერსიტეტის მთავარი ბიბლიოთეკა წიგნსაცავი 2018-12-17 378(063) ჰ-92 45368 2018-12-17 45368 2018-12-17 წიგნი